000 00449nam a22001577a 4500
005 20231206084505.0
008 231206b |||||||| |||| 00| 0 eng d
020 _a978-969-652-146-4
082 _a330.9549
_bNAU
100 _aDr.Naureen Talha
245 _aJinnah and Rafi Butt
_bContribution to Pakistan's Economy
_hEnglish
260 _aLahore
_bJnnah Rafi Foundation
_c2019
300 _a229
650 _aSocial Sciences/Economics
999 _c34781
_d34781